[Event "Aeroflot Open 2006"]
[Site "Moscu RUS"]
[Date "2006.02.16"]
[Round "9.17"]
[White "Bu, Xiangzhi"]
[Black "Sargissian, Gabriel"]
[Result "1/2-1/2"]
[WhiteElo "2645"]
[BlackElo "2603"]
[PlyCount "97"]
[EventDate "2006.02.08"]
[EventType "swiss"]
[EventRounds "9"]
[EventCountry "RUS"]
[Source "lmi"]
[SourceDate "2006.02.18"]

1. c4 Nf6 2. d4 e6 3. Nc3 Bb4 4. Qc2 d5 5. cxd5 exd5 6. Bg5 c5 7. dxc5 h6 8.
Bh4 g5 9. Bg3 Ne4 10. e3 Qa5 11. Nge2 Bf5 12. Be5 O-O 13. Nd4 Nxc3 14. Qxf5
Ne4+ 15. Kd1 Nc6 16. Nb3 Qa4 17. h4 Nxe5 18. hxg5 Ng4 19. Rxh6 Nxh6 20. gxh6
Qc6 21. f3 Nxc5 22. Qg4+ Qg6 23. Qxb4 Nxb3 24. axb3 Rfe8 25. Qd4 Qxh6 26. Kd2
Re6 27. Qg4+ Kf8 28. Qb4+ Kg8 29. Qg4+ Qg7 30. Qxg7+ Kxg7 31. b4 a6 32. Ra5
Rae8 33. b5 Rxe3 34. bxa6 bxa6 35. Bd3 R3e6 36. Rxd5 Rb6 37. Kc3 Reb8 38. Bc4
Rxb2 39. Rd7 R2b7 40. Rxb7 Rxb7 41. Bxa6 Ra7 42. Bc4 f5 43. f4 Ra4 44. Kb3 Ra1
45. Kc3 Ra3+ 46. Kd2 Ra4 47. Bd3 Kf6 48. Ke3 Ra3 49. g3 1/2-1/2

[Event "Aeroflot Open 2006"]
[Site "Moscu RUS"]
[Date "2006.02.16"]
[Round "9.18"]
[White "Alekseev, Evgeny"]
[Black "Shchekachev, Andrei"]
[Result "1-0"]
[WhiteElo "2634"]
[BlackElo "2570"]
[PlyCount "77"]
[EventDate "2006.02.08"]
[EventType "swiss"]
[EventRounds "9"]
[EventCountry "RUS"]
[Source "lmi"]
[SourceDate "2006.02.18"]

1. e4 e5 2. Nf3 Nc6 3. Bb5 Nf6 4. O-O Nxe4 5. d4 Nd6 6. Bxc6 dxc6 7. dxe5 Nf5
8. Qxd8+ Kxd8 9. Nc3 h6 10. h3 Bd7 11. b3 Kc8 12. Bb2 b6 13. Rad1 Ne7 14. Ne2
Ng6 15. Ng3 c5 16. c4 a5 17. a4 Bc6 18. Nh5 Kb7 19. Ne1 Nh4 20. Nf4 h5 21. Nd5
Rd8 22. Nc2 Kc8 23. Rd3 Re8 24. Nce3 Bd7 25. Rfd1 Be6 26. Nf4 Ng6 27. Nxe6 fxe6
28. Nf1 Ne7 29. Ng3 Nc6 30. Ne4 Be7 31. Nd6+ cxd6 32. exd6 Rd8 33. dxe7 Rxd3
34. Rxd3 Nxe7 35. Rd6 Kc7 36. Rxe6 Nf5 37. Bxg7 Rd8 38. Be5+ Kb7 39. g4 1-0

[Event "Aeroflot Open 2006"]
[Site "Moscu RUS"]
[Date "2006.02.16"]
[Round "9.20"]
[White "Kuzubov, Yuriy"]
[Black "Fressinet, Laurent"]
[Result "1/2-1/2"]
[WhiteElo "2544"]
[BlackElo "2625"]
[PlyCount "27"]
[EventDate "2006.02.08"]
[EventType "swiss"]
[EventRounds "9"]
[EventCountry "RUS"]
[Source "lmi"]
[SourceDate "2006.02.18"]

1. d4 d5 2. c4 c6 3. Nf3 Nf6 4. Nc3 dxc4 5. a4 Bf5 6. Ne5 Nbd7 7. Nxc4 Qc7 8.
g3 e5 9. dxe5 Nxe5 10. Bf4 Nfd7 11. Bg2 f6 12. O-O Nc5 13. Ne3 Bg6 14. b4
1/2-1/2

[Event "Aeroflot Open 2006"]
[Site "Moscu RUS"]
[Date "2006.02.16"]
[Round "9.22"]
[White "Guliyev, Namig"]
[Black "Moiseenko, Alexander"]
[Result "1/2-1/2"]
[WhiteElo "2588"]
[BlackElo "2657"]
[PlyCount "21"]
[EventDate "2006.02.08"]
[EventType "swiss"]
[EventRounds "9"]
[EventCountry "RUS"]
[Source "lmi"]
[SourceDate "2006.02.18"]

1. e4 c5 2. Nf3 Nc6 3. d4 cxd4 4. Nxd4 Nf6 5. Nc3 e5 6. Ndb5 d6 7. Bg5 a6 8.
Na3 b5 9. Bxf6 gxf6 10. Nd5 f5 11. Bd3 1/2-1/2

[Event "Aeroflot Open 2006"]
[Site "Moscu RUS"]
[Date "2006.02.16"]
[Round "9.23"]
[White "Yevseev, Denis"]
[Black "Sadvakasov, Darmen"]
[Result "1/2-1/2"]
[WhiteElo "2557"]
[BlackElo "2629"]
[PlyCount "23"]
[EventDate "2006.02.08"]
[EventType "swiss"]
[EventRounds "9"]
[EventCountry "RUS"]
[Source "lmi"]
[SourceDate "2006.02.18"]

1. d4 Nf6 2. c4 e6 3. Nf3 b6 4. g3 Ba6 5. b3 Bb4+ 6. Bd2 Be7 7. Bg2 c6 8. O-O
d5 9. Qc2 O-O 10. Rd1 Nbd7 11. Bf4 Rc8 12. Nc3 1/2-1/2

[Event "Aeroflot Open 2006"]
[Site "Moscu RUS"]
[Date "2006.02.16"]
[Round "9.25"]
[White "Ganguly, Surya Shekhar"]
[Black "Roiz, Michael"]
[Result "1/2-1/2"]
[WhiteElo "2579"]
[BlackElo "2599"]
[PlyCount "71"]
[EventDate "2006.02.08"]
[EventType "swiss"]
[EventRounds "9"]
[EventCountry "RUS"]
[Source "lmi"]
[SourceDate "2006.02.18"]

1. e4 e6 2. d4 d5 3. Nc3 dxe4 4. Nxe4 Nd7 5. Nf3 Ngf6 6. Nxf6+ Nxf6 7. Be3 Bd6
8. Bd3 b6 9. O-O Bb7 10. h3 O-O 11. c4 c5 12. dxc5 Bxc5 13. Bg5 Qc7 14. Re1
Rfd8 15. Bxf6 gxf6 16. Qe2 f5 17. Rad1 Qf4 18. Bc2 Kg7 19. b3 Kf6 20. Rxd8 Rxd8
21. Rd1 Bxf3 22. Qxf3 Qxf3 23. gxf3 Rxd1+ 24. Bxd1 Ke5 25. Kf1 Kf4 26. Ke2 a5
27. Bc2 h6 28. Bd1 Be7 29. Bc2 Ke5 30. c5 Bxc5 31. a4 Kf4 32. Bd3 e5 33. Bc4 f6
34. Be6 e4 35. Bd7 Ke5 36. Bc8 1/2-1/2

[Event "Aeroflot Open 2006"]
[Site "Moscu RUS"]
[Date "2006.02.16"]
[Round "9.26"]
[White "Wang, Yue"]
[Black "Khairullin, Ildar"]
[Result "1/2-1/2"]
[WhiteElo "2599"]
[BlackElo "2533"]
[PlyCount "82"]
[EventDate "2006.02.08"]
[EventType "swiss"]
[EventRounds "9"]
[EventCountry "RUS"]
[Source "lmi"]
[SourceDate "2006.02.18"]

1. d4 Nf6 2. c4 e6 3. Nc3 Bb4 4. Qc2 d5 5. cxd5 exd5 6. Nf3 O-O 7. Bg5 c6 8. e3
Re8 9. Bd3 h6 10. Bh4 Be6 11. Qb3 c5 12. a3 Ba5 13. Bxf6 Qxf6 14. Qxb7 cxd4 15.
Qxa8 dxc3 16. b4 Bb6 17. a4 Bg4 18. Qxd5 Nc6 19. O-O Bxf3 20. Qxf3 Qxf3 21.
gxf3 Nxb4 22. Be4 a5 23. Rfc1 Rc8 24. Ra3 c2 25. Rb3 Bd8 26. Kf1 Kf8 27. Ke1
Bf6 28. Kd2 Rd8+ 29. Ke2 Rc8 30. Kd2 Rd8+ 31. Ke2 Rc8 32. Bxc2 Na2 33. Kd2 Nxc1
34. Kxc1 Bh4 35. Kd2 Bxf2 36. Bd3 Bh4 37. Rb7 Be7 38. Ke2 g6 39. f4 Bb4 40. Be4
Re8 41. Kf3 Re7 1/2-1/2

[Event "Aeroflot Open 2006"]
[Site "Moscu RUS"]
[Date "2006.02.16"]
[Round "9.28"]
[White "Predojevic, Borki"]
[Black "Shabalov, Alexander"]
[Result "0-1"]
[WhiteElo "2553"]
[BlackElo "2595"]
[PlyCount "120"]
[EventDate "2006.02.08"]
[EventType "swiss"]
[EventRounds "9"]
[EventCountry "RUS"]
[Source "lmi"]
[SourceDate "2006.02.18"]

1. e4 Nf6 2. e5 Nd5 3. d4 d6 4. Nf3 Bg4 5. Be2 e6 6. O-O Be7 7. h3 Bh5 8. c4
Nb6 9. exd6 cxd6 10. a4 O-O 11. a5 N6d7 12. Nc3 a6 13. Be3 Qc7 14. Qa4 Rc8 15.
Rfc1 Qd8 16. Qa2 Nf6 17. d5 exd5 18. cxd5 Nbd7 19. b4 Bg6 20. Qb3 Rc7 21. Nh4
Ne8 22. Nxg6 hxg6 23. Na4 Bg5 24. f4 Rxc1+ 25. Rxc1 Bh6 26. Nb6 Nxb6 27. Bxb6
Qh4 28. g3 Qxh3 29. Qd3 Nf6 30. Bf1 Qh5 31. Be2 Ng4 32. Qf3 Qh2+ 33. Kf1 f5 34.
Qg2 Qh5 35. Kg1 g5 36. Rf1 Rc8 37. fxg5 Bxg5 38. Bxg4 Qxg4 39. Qf3 Rc4 40. Qxg4
fxg4 41. Re1 Kf7 42. Re6 Be7 43. Kf1 Rxb4 44. Bc7 Rb5 45. Bxd6 Bd8 46. Re5 Rxa5
47. Rf5+ Kg6 48. Rf8 Bf6 49. Rb8 Rxd5 50. Bf4 Rb5 51. Ke2 Be5 52. Bxe5 Rxe5+
53. Kd3 Rb5 54. Ke4 a5 55. Ra8 Rb4+ 56. Ke5 a4 57. Ra7 b6 58. Ke6 b5 59. Ke5
Rb3 60. Kf4 a3 0-1

[Event "Aeroflot Open 2006"]
[Site "Moscu RUS"]
[Date "2006.02.16"]
[Round "9.29"]
[White "Riazantsev, Alexander"]
[Black "Zhao, Jun"]
[Result "1-0"]
[WhiteElo "2594"]
[BlackElo "2520"]
[PlyCount "119"]
[EventDate "2006.02.08"]
[EventType "swiss"]
[EventRounds "9"]
[EventCountry "RUS"]
[Source "lmi"]
[SourceDate "2006.02.18"]

1. d4 d5 2. c4 c6 3. Nf3 Nf6 4. Nc3 dxc4 5. a4 Bg4 6. Ne5 Bh5 7. h3 Na6 8. g4
Bg6 9. Bg2 Nb4 10. O-O Bc2 11. Qd2 Bb3 12. Ne4 Nc2 13. Nc5 Rc8 14. Rb1 Qxd4 15.
Nxb7 Qxd2 16. Bxd2 Bxa4 17. e3 e6 18. Nxc4 Rc7 19. Nbd6+ Bxd6 20. Nxd6+ Ke7 21.
Ne4 c5 22. Nxf6 gxf6 23. b3 Bc6 24. Rbc1 Bxg2 25. Kxg2 Na3 26. Bb4 Nb5 27.
Bxc5+ Kd7 28. Rfd1+ Kc8 29. Be7 f5 30. Rxc7+ Nxc7 31. gxf5 exf5 32. Kf3 Re8 33.
Bf6 Re6 34. Rd8+ Kb7 35. Bd4 Rh6 36. Rd7 Kc6 37. Rxf7 Rxh3+ 38. Kg2 Rh5 39.
Bxa7 Nd5 40. Bb8 Nb4 41. Kf3 Nd3 42. Bg3 Nc5 43. Rf8 Nxb3 44. Kf4 Kd5 45. Rxf5+
Rxf5+ 46. Kxf5 Nd2 47. Bh4 h5 48. Bd8 Ne4 49. f3 Ng3+ 50. Kf4 Ne2+ 51. Kg5 Ng3
52. Bc7 h4 53. Kg4 Ne2 54. Kxh4 Ke6 55. Kg4 Kf6 56. Ba5 Ke6 57. Bd2 Kd5 58. Ba5
Ke6 59. Bd2 Kd5 60. f4 1-0